000 00766nam a22002297a 4500
999 _c14857
_d14857
003 AR-CdUCM
008 190424b ||||| |||| 00| 0 spa d
020 _a978-607-21-0653-6
040 _aMUNICIPALIDAD PROVINCIAL DEL CUSCO
_cBIBLIOTECA MUNICIPAL DEL CUSCO
082 _aPI / 376.1 /
_bG91
100 _aGuidoux, Valérie
_933028
245 _aLos piratas /
260 _aMexico :
_bLaroussel,
_c2013..
300 _a25 paginas ;
_bIlustraciones,
_c21 cm.
_e2 paginas con figuras adhesivos
500 _aTitulo original : Les pirates
650 _aPiratas animados
_933805
650 _aJuegos de niños (as)
_933781
650 _aAprende jugando
_933735
650 _aAprende acerca de los piratas
_933806
942 _2ddc
_cLIBROS
945 _awnts
_d2019-04-24